| 000 | 00858cam a2200253 4500 | ||
|---|---|---|---|
| 001 | 2657137 | ||
| 003 | ARRUPE | ||
| 005 | 20140612120847.0 | ||
| 008 | 700127s1968 za ab b 000 0 eng | ||
| 010 | _a 70980547 | ||
| 040 |
_aDLC _cDLC _dDLC |
||
| 050 | 0 | 0 |
_aS934.Z3 _bS7 |
| 082 | 0 | 0 | _a333.7/09689/4 |
| 100 | 1 |
_aStorrs, Adrian, _d1921- _910886 |
|
| 245 | 1 | 2 |
_aA study of Zambia's natural resources; _bthe story of Zambia's flora and fauna and their influence on everyday life _c[by] A. E. G. Storrs. |
| 260 |
_aLusaka, _bOxford University Press, _c1968. |
||
| 300 |
_axi, 131 p. _billus., maps. _c22 cm. |
||
| 350 | _a16.00 | ||
| 504 | _aBibliography: p. 131. | ||
| 650 | 0 |
_aConservation of natural resources _zZambia. _910887 |
|
| 650 | 0 |
_aNatural history _zZambia. _910888 |
|
| 906 |
_a7 _bcbc _corignew _du _encip _f19 _gy-gencatlg |
||
| 942 |
_2lcc _cSPC |
||
| 999 |
_c120726 _d120726 |
||